000 00430nam a2200181Ia 4500
001 12977
005 20260306163020.0
008 260306t1984||||xx |||||||||||||| ||spa||
041 _aESP
082 _aRD 498.5493
_bB45
100 _aBertonio, Ludovico
_eAUT
245 0 _aVocabulario de la lengua Aymara
260 _c1984
300 _a399 páginas :
_ccm.
650 _aGEN
654 _aCHU
942 _cLIB
_dJUS
_fJUS
_2ddc
_n
999 _c12977
_d12977